Missing Word: 'Thing' Words Quiz Stats

 Plays Quiz Updated Mar 5, 2016

Challenge
Share
Tweet
Embed
Score 0/24 Timer 04:00
3 Plays Today
'Thing' Thing Missing Word % Correct
Do the ___ ThingRight
92.3%
P.Y.T. (___ Young Thing)Pretty
87.1%
___ Thing You Do!That
83.3%
The Only Thing ___ Have to Fear Is Fear ItselfWe
81.4%
Winning Isn't Everything, It's the ___ ThingOnly
80.9%
Ain't ___ Like the Real ThingNothing
80.7%
A Mind Is a Terrible Thing to ___Waste
78%
The Best Thing I Ever ___Ate
77.8%
I Can't___ I Ate the Whole ThingBelieve
75.1%
___ Little Thing Called LoveCrazy
72.8%
Let's ___ the Whole Thing OffCall
72.4%
Best Thing I ___ HadNever
68.3%
'Thing' Thing Missing Word % Correct
A ___ Thing Happened on the Way to the ForumFunny
67.8%
Every Little Thing She Does Is ___Magic
65.6%
Love Don't ___ a ThingCost
63.6%
One Thing ___ to AnotherLeads
62.8%
It's the ___ ThingReal
59.1%
There's No Such Thing as a Free ___Lunch
56.2%
Shake Your ___ ThingGroove
56.2%
___ ThingWild
55.5%
You ___ ThingSexy
41.5%
Love Is a Many ___ ThingSplendored
38.6%
___ ThingSwamp
25.5%
Things to Do in ___ When You're DeadDenver
19.4%

Today's Daily Dose

You're not logged in!

Compare scores with friends on all Sporcle quizzes.
Join for Free
OR
Log In

You Might Also Like...

Show Comments

Extras

Top Quizzes Today


Score Distribution

Your Account Isn't Verified!

In order to create a playlist on Sporcle, you need to verify the email address you used during registration. Go to your Sporcle Settings to finish the process.

Report this User

Report this user for behavior that violates our Community Guidelines.

Details: